| 000 | 00888nam a2200253 a 4500 | ||
|---|---|---|---|
| 001 | 000033667 | ||
| 003 | DO-SdBNP | ||
| 005 | 20240304144917.0 | ||
| 007 | ta | ||
| 008 | 110905s19uu dr 000 0 spa d | ||
| 040 |
_aDO-SdBNP _bspa _cBNPHU |
||
| 082 | 4 |
_aRD863.4 _bR696L _222 |
|
| 100 | 1 |
_aRodríguez Perozo, Andrea Evangelina, _d1879-1947 _918796 |
|
| 245 | 1 | 0 |
_aLe guerisseur : _bpara Hernani García Alardo/ _cEvangelina Rodríguez. |
| 260 |
_aLa Vega, República Dominicana : _bTip. El Progreso, _c[19--?]. |
||
| 300 |
_a19 p. ; _c22 cm. |
||
| 500 | _aA la cabeza de la portada: Cuento chino bíblico filosófico de moral social | ||
| 590 | _aInventariado, 2022/MFF | ||
| 590 | _aPerteneció a la biblioteca personal de Martínez Boog. | ||
| 650 | 4 | _aCuentos dominicanos | |
| 650 | 4 | _aLiteratura dominicana | |
| 910 | _aValidado. Control de calidad MFF | ||
| 942 |
_2ddc _cLF2 |
||
| 999 |
_c33158 _d33158 |
||